Incollable #45 - Loisir - Statistiques

Statistiques générales
  • Ce quiz a été pris 359 fois
  • Le résultat moyen est 7 sur 12
Statistiques - réponses
Niveaux Questions Réponses % Correct
CP De quelle couleur est Barbapapa ? Rose
99%
CE2 Dans la fable de La Fontaine, que vole le renard au corbeau ? Un fromage
92%
CE1 Que fait-on quand on part en voyage pour observer des animaux sauvages ? Un safari
83%
CE2 Dans le livre de la jungle, quel animal est Kaa ? Un serpent
83%
CM2 Au rugby à XV, combien de points rapporte un essai ? 5
82%
Collège Dans le Seigneur des Anneaux, comment Gollum appelle-t-il l’anneau ? Mon précieux
73%
CP Avec quel objet frappe-t-on sur un tambour ? Des baguettes
46%
CM1 Où vit Shrek ? Dans un marais
45%
Lycée Au théâtre, comment appelle-t-on le côté gauche de la scène vu de la salle ? Le côté jardin (le côté cour est le côté droit)
41%
Collège En couture, comment appelle-t-on un ensemble de morceaux de tissus colorés assemblés pour créer des motifs ? Un patchwork
39%
Lycée Qui présentait l’émission télé « Ushuaïa Nature » ? Nicolas Hulot
34%
CM2 Dans Alice au pays des merveilles, à quel jeu jouent Alice et la Reine de Cœur ? Au croquet
19%
Aucun quiz correspondant
Distribution des résultats
% des personnes avec chaque résultat
Percentile par nombre de réponses
Votre historique - résultats
Vous n’avez pas pris ce quiz